[Event "VIE-ch U11 Girls"]
[Site "Hanoi"]
[Date "2020.??.??"]
[Round "7"]
[White "Ho, Ngoc Vy"]
[Black "Pham, Thi Thanh Phuong"]
[Result "1-0"]
[WhiteElo "1392"]
[BlackElo "2245"]
[PlyCount "65"]
[EventDate "2020.10.22"]
[EventType "tourn"]
[EventRounds "7"]
[EventCountry "VIE"]
[SourceTitle "EXT 2022"]
[Source "ChessBase"]
[SourceDate "2021.10.06"]
[SourceVersion "1"]
[SourceVersionDate "2021.10.06"]
[SourceQuality "1"]

1. d4 d5 2. c4 c6 3. Nf3 Nf6 4. e3 Bf5 5. Nc3 e6 6. Be2 Be7 7. Nh4 Be4 8. 0-0 0-0 9. f3 Bg6 10. e4 h6 11. Nxg6 fxg6 12. e5 Nh7 13. h3 Ng5 14. Bd3 Qe8 15. Qc2 Nf7 16. cxd5 exd5 17. Bxg6 Qd8 18. f4 c5 19. e6 Nd6 20. Nxd5 Nb5 21. Bf7+ Kh8 22. Nxe7 Qxe7 23. dxc5 Nd4 24. Qc4 Nbc6 25. a3 b5 26. cxb6 axb6 27. Be3 b5 28. Qd5 Rad8 29. Qe4 Rd6 30. f5 Rfd8 31. f6 gxf6 32. Qg6 Nxe6 33. Qxh6# 1-0

[Event "VIE-ch U11 Girls"]
[Site "Hanoi"]
[Date "2020.??.??"]
[Round "5"]
[White "Pham, Thi Thanh Phuong"]
[Black "Bui, Thi Ngoc Chi"]
[Result "0-1"]
[WhiteElo "2245"]
[BlackElo "1369"]
[PlyCount "74"]
[EventDate "2020.10.22"]
[EventType "tourn"]
[EventRounds "7"]
[EventCountry "VIE"]
[SourceTitle "EXT 2022"]
[Source "ChessBase"]
[SourceDate "2021.10.06"]
[SourceVersion "1"]
[SourceVersionDate "2021.10.06"]
[SourceQuality "1"]

1. e4 d5 2. e5 e6 3. d4 c5 4. c3 Nc6 5. Be3 Qb6 6. Qc2 Bd7 7. Nf3 Rc8 8. Qb3 Qxb3 9. axb3 cxd4 10. cxd4 Bb4+ 11. Nc3 Na5 12. Be2 b6 13. Bd2 Ne7 14. Bb5 Nec6 15. Bxc6 Bxc6 16. 0-0 Rc7 17. Nxd5 Bxd5 18. Bxb4 Nxb3 19. Ra3 Nc1 20. Rc3 Ne2+ 21. Kh1 Nxc3 22. bxc3 Bxf3 23. gxf3 a5 24. Bd6 Rxc3 25. Kg2 Kd7 26. Rb1 Kc6 27. f4 b5 28. Bc5 b4 29. f3 b3 30. Ba3 a4 31. Kf2 Kb5 32. Ke2 Rhc8 33. Kf2 Rc2+ 34. Kg3 Ra2 35. Bd6 Rcc2 36. Be7 Rg2+ 37. Kh4 Rxh2+ 0-1